| 000 | 00456nam a2200145Ia 4500 | ||
|---|---|---|---|
| 008 | 240719s9999 xx 000 0 und d | ||
| 041 | _aeng | ||
| 082 | _a658.7 MOR | ||
| 100 | _aMosbacher Morris Jane | ||
| 245 | _aBuy The Change You Want To See Use Your Purchesing Power To Make The World A Better Place | ||
| 260 |
_aNew York _bTarcherperigee, _c2019 |
||
| 300 | _a262.; P. 20 Cm | ||
| 365 |
_c _b17 |
||
| 520 | _aGifted By : IMT Faculty Dr. senthil kumar | ||
| 999 |
_c41191 _d41191 |
||